Stati italiani prima della nascita del Regno d’Italia - Statistics

Statistiche generali
  • Questo quiz è stato fatto 68 volte
  • Il punteggio medio è 6 su 7
Statistiche sulle risposte
Hint Risposta % Corretto
Sud Regno delle Due Sicilie
95%
Centro e Centro-Sud Stato Pontificio
95%
Nord e Centro Regno di Sardegna
91%
Centro Granducato di Toscana
84%
Centro-Nord Ducato di Parma e Piacenza
80%
Centro-Nord Ducato di Modena e Reggio
73%
Nord Regno Lombardo-Veneto
59%
Nessun quiz corrispondente trovato
Distribuzione punteggi
Percentuale di utenti per punteggio
Percentile per numero di risposta
I tuoi punteggi nel tempo
Non hai fatto questo quiz